DOS RV V2 RSZ pre programátora v makroasembleri

Uložené v:
Podrobná bibliografia
Médium: Kniha
Jazyk:Slovak
Vydavateľské údaje: Bratislava Datasystém 1982
Tagy: Pridať tag
Žiadne tagy, Buďte prvý, kto otaguje tento záznam!

MARC

LEADER 00000nam a2200000 4500
001 c112706
005 20041019155153.7
041 0 |a slo 
044 |a SK 
245 1 0 |a DOS RV V2  |b RSZ pre programátora v makroasembleri 
264 1 |a Bratislava  |b Datasystém  |c 1982 
300 |a 332 s.